Statistics for Name Every 2016-17 Toronto Maple Leaf

Click here to take the quiz!

General Stats

  • This quiz has been taken 3 times
  • The average score is 19 of 34

Answer Stats

HintAnswer% Correct
#34Auston Matthews
100%
#32Josh Leivo
100%
#16Mitch Marner
100%
#29William Nylander
100%
#11Zach Hyman
100%
#11Brian Boyle
67%
#12Connor Brown
67%
#8Connor Carrick
67%
#31Frederik Andersen
67%
#51Jake Gardiner
67%
#25James Van Riemsdyk
67%
#42Kasperi Kapanen
67%
#44Morgan Rielly
67%
#43Nazem Kadri
67%
#26Nikita Soshnikov
67%
#22Nikita Zaitsev
67%
#42Tyler Bozak
67%
#3Alexey Marchenko
33%
#30Antoine Bibeau
33%
#18Ben Smith
33%
#56Byron Froese
33%
#35Curtis McElhinny
33%
#23Eric Fehr
33%
#20Frankie Corrado
33%
#33Frederik Gauthier
33%
#35Jhonas Enroth
33%
#47Leo Komarov
33%
#52Martin Marincin
33%
#2Matt Hunwick
33%
#15Matt Martin
33%
#18Milan Michalek
33%
#24Peter Holland
33%
#46Roman Polak
33%
#33Seth Griffith
33%

Score Distribution

Percentile by Number Answered

Percent of People with Each Score

Your Score History

You have not taken this quiz